[Event "VIE-ch U15 Girls"]
[Site "Ho Chi Minh City"]
[Date "2022.07.14"]
[Round "5"]
[White "Nguyen, Ngoc Ha Anh"]
[Black "Nguyen, Phi Nhung"]
[Result "0-1"]
[WhiteElo "2101"]
[BlackElo "2099"]
[PlyCount "152"]
[EventDate "2022.07.11"]
[EventType "swiss"]
[EventRounds "9"]
[EventCountry "VIE"]
[SourceTitle "EXT 2023"]
[Source "ChessBase"]
[SourceDate "2022.10.05"]
[SourceVersion "1"]
[SourceVersionDate "2022.10.05"]
[SourceQuality "1"]

1. d4 d5 2. c4 c6 3. e3 Nf6 4. Nc3 e6 5. Nf3 b6 6. cxd5 cxd5 7. Bd2 a6 8. Bd3 Bd6 9. 0-0 0-0 10. Rc1 Bb7 11. Re1 Ne4 12. Bxe4 dxe4 13. Ne5 b5 14. h3 f6 15. Ng4 Nd7 16. Nh2 f5 17. Qb3 Qf6 18. d5 Qe5 19. f4 exf3 20. Nxf3 Qg3 21. Ne2 Qg6 22. Nf4 Bxf4 23. exf4 Bxd5 24. Qd3 Nf6 25. Qe2 Rad8 26. Ne5 Qxg2+ 27. Qxg2 Bxg2 28. Bb4 Bxh3 29. Bxf8 Rxf8 30. Rc6 h5 31. Rxa6 Rd8 32. Kh2 Bg4 33. Nxg4 Nxg4+ 34. Kg3 Rd3+ 35. Kh4 Rd2 36. Raxe6 Rh2+ 37. Kg5 Nf6 38. Kxf5 h4 39. R6e2 Rh3 40. Rg2 Nd5 41. Kg5 Nf6 42. Kg6 Rf3 43. Kf5 h3 44. Rh2 Rg3 45. Reh1 Kf7 46. Rxh3 Rg2 47. R1h2 Rg1 48. Re2 g6+ 49. Ke5 Rd1 50. Rh7+ Nxh7 51. Ke4 Nf6+ 52. Kf3 Nd5 53. Rf2 Kf6 54. a3 Kf5 55. Ke2 Rd4 56. Rf1 Nxf4+ 57. Ke3 Rd3+ 58. Kf2 Rd2+ 59. Ke3 Rxb2 60. Rxf4+ Kg5 61. Rf1 Rb3+ 62. Kd4 Rxa3 63. Rg1+ Kh5 64. Rh1+ Kg4 65. Rg1+ Rg3 66. Rb1 g5 67. Rxb5 Kh3 68. Rb8 g4 69. Ke4 Rf3 70. Rb2 Rf8 71. Rb1 g3 72. Rh1+ Kg2 73. Ra1 Kh2 74. Ra7 g2 75. Ra2 Kg3 76. Ra1 Rf1 0-1

[Event "VIE-ch U15 Girls"]
[Site "Ho Chi Minh City"]
[Date "2022.07.12"]
[Round "2"]
[White "Nguyen, Phi Nhung"]
[Black "Tran, Van Anh"]
[Result "1-0"]
[WhiteElo "2099"]
[BlackElo "2096"]
[PlyCount "81"]
[EventDate "2022.07.11"]
[EventType "swiss"]
[EventRounds "9"]
[EventCountry "VIE"]
[SourceTitle "EXT 2023"]
[Source "ChessBase"]
[SourceDate "2022.10.05"]
[SourceVersion "1"]
[SourceVersionDate "2022.10.05"]
[SourceQuality "1"]

1. e4 c5 2. c4 d6 3. Nc3 Nf6 4. d3 g6 5. Nf3 Bg7 6. Be2 0-0 7. 0-0 Nc6 8. Be3 a6 9. Qd2 Ng4 10. h3 Nxe3 11. fxe3 Rb8 12. d4 Bh6 13. d5 Na7 14. e5 b5 15. b3 dxe5 16. Nxe5 Bg7 17. Nd3 b4 18. Na4 Bxa1 19. Rxa1 Bf5 20. Ndxc5 Qd6 21. Bf3 Bd7 22. Re1 Bxa4 23. Nxa4 Nc6 24. c5 Qe5 25. dxc6 Rfd8 26. Qe2 Rb5 27. Qc2 Rc8 28. Qe4 Rxc5 29. Nxc5 Qxc5 30. Qd4 Qa5 31. Qc4 Kf8 32. Bg4 Rc7 33. Rf1 f5 34. Bf3 Qb6 35. Qe6 Kg7 36. Bd5 a5 37. Qf7+ Kh6 38. Qe6 Kg5 39. Qe5 h5 40. h4+ Kh6 41. Qh8# 1-0

[Event "VIE-ch U15 Girls"]
[Site "Hanoi"]
[Date "2022.06.17"]
[Round "9"]
[White "Nguyen, Phi Nhung"]
[Black "Lu, Nguyen Minh Anh"]
[Result "1-0"]
[WhiteElo "2100"]
[BlackElo "2124"]
[PlyCount "40"]
[EventDate "2022.06.11"]
[EventType "swiss"]
[EventRounds "9"]
[EventCountry "VIE"]
[SourceTitle "EXT 2023"]
[Source "ChessBase"]
[SourceDate "2022.10.05"]
[SourceVersion "1"]
[SourceVersionDate "2022.10.05"]
[SourceQuality "1"]

1. e4 e5 2. Nf3 Nc6 3. Bc4 Bc5 4. d3 Nf6 5. Bg5 h6 6. Bh4 0-0 7. Nc3 d6 8. h3 Re8 9. Nd5 Be6 10. Nxf6+ gxf6 11. Nd2 d5 12. exd5 Bxd5 13. Qg4+ Kh7 14. Qf5+ Kg7 15. Bxd5 Nd4 16. Qg4+ Kh7 17. Be4+ Kh8 18. 0-0 Rg8 19. Qh5 Bf8 20. c3 Ne6 1-0

[Event "VIE-ch U15 Girls"]
[Site "Hanoi"]
[Date "2022.06.15"]
[Round "7"]
[White "Nguyen, Phi Nhung"]
[Black "Vo, Dang Yen Vy"]
[Result "1/2-1/2"]
[WhiteElo "2100"]
[BlackElo "2091"]
[PlyCount "44"]
[EventDate "2022.06.11"]
[EventType "swiss"]
[EventRounds "9"]
[EventCountry "VIE"]
[SourceTitle "EXT 2023"]
[Source "ChessBase"]
[SourceDate "2022.10.05"]
[SourceVersion "1"]
[SourceVersionDate "2022.10.05"]
[SourceQuality "1"]

1. e4 c5 2. Nf3 e6 3. c3 Nf6 4. d3 Be7 5. g3 Nc6 6. e5 Nd5 7. c4 Nb6 8. Nc3 a6 9. Be3 0-0 10. Ne4 Qc7 11. d4 cxd4 12. Bxd4 Nxd4 13. Qxd4 Qc6 14. Be2 Bb4+ 15. Nc3 Bxc3+ 16. Qxc3 d5 17. exd6 Nd7 18. Rd1 b6 19. Rf1 Bb7 20. Nd4 Qg2 21. Nf3 Rac8 22. b3 Rfd8 1/2-1/2

[Event "VIE-ch U15 Girls"]
[Site "Hanoi"]
[Date "2022.06.14"]
[Round "5"]
[White "Nguyen, Phi Nhung"]
[Black "Ly, Ngoc Huynh Anh"]
[Result "0-1"]
[WhiteElo "2100"]
[BlackElo "2123"]
[PlyCount "86"]
[EventDate "2022.06.11"]
[EventType "swiss"]
[EventRounds "9"]
[EventCountry "VIE"]
[SourceTitle "EXT 2023"]
[Source "ChessBase"]
[SourceDate "2022.10.05"]
[SourceVersion "1"]
[SourceVersionDate "2022.10.05"]
[SourceQuality "1"]

1. e4 e5 2. Nf3 d6 3. Nc3 Bg4 4. Be2 Nf6 5. d4 exd4 6. Nxd4 Bxe2 7. Qxe2 Nbd7 8. Bg5 Be7 9. 0-0 0-0 10. f4 h6 11. Bxf6 Bxf6 12. Nf5 Bxc3 13. bxc3 Re8 14. Rae1 Qf6 15. Rf3 d5 16. Rg3 Rxe4 17. Ne3 Qxf4 18. Rf1 Qe5 19. Qf3 Nf6 20. Qxf6 Qxf6 21. Rxf6 Rxe3 22. Rxe3 gxf6 23. Re7 Rc8 24. Rd7 a5 25. Rxd5 b6 26. Kf2 Kf8 27. g3 Ke7 28. Ke3 Ke6 29. Rh5 Rh8 30. g4 c6 31. a4 b5 32. axb5 cxb5 33. Rxb5 Ra8 34. Kd4 a4 35. Rb1 a3 36. Ra1 a2 37. Kc4 Ke5 38. Kb3 h5 39. h3 hxg4 40. hxg4 Kd5 41. Rxa2 Rb8+ 42. Ka3 Kc4 43. Ra1 Kxc3 0-1

[Event "VIE-ch U15 Girls"]
[Site "Hanoi"]
[Date "2022.06.13"]
[Round "4"]
[White "Vu, My Linh"]
[Black "Nguyen, Phi Nhung"]
[Result "1-0"]
[WhiteElo "2111"]
[BlackElo "2100"]
[PlyCount "85"]
[EventDate "2022.06.11"]
[EventType "swiss"]
[EventRounds "9"]
[EventCountry "VIE"]
[SourceTitle "EXT 2023"]
[Source "ChessBase"]
[SourceDate "2022.10.05"]
[SourceVersion "1"]
[SourceVersionDate "2022.10.05"]
[SourceQuality "1"]

1. d4 d5 2. Nf3 Nf6 3. Bf4 Bf5 4. c4 c6 5. g3 e6 6. Bg2 Bb4+ 7. Nbd2 Nbd7 8. 0-0 Ne4 9. Nxe4 Bxe4 10. c5 Qc8 11. Qa4 Bxc5 12. dxc5 Nxc5 13. Qd4 b6 14. Qxg7 Rf8 15. Bd6 Kd7 16. Bxf8 Qxf8 17. Ne5+ Kc7 18. Qxf7+ Qxf7 19. Nxf7 Rf8 20. Ng5 Bg6 21. b4 h6 22. Nh3 Nd7 23. Nf4 Bf5 24. Rac1 Kd6 25. Rfd1 Nf6 26. Bh3 Ng4 27. e4 e5 28. exf5 Nxf2 29. Kxf2 exf4 30. gxf4 c5 31. bxc5+ bxc5 32. Re1 c4 33. Re5 Rb8 34. Rc2 d4 35. Rxc4 Rb2+ 36. Re2 Rxe2+ 37. Kxe2 Ke7 38. Rc7+ Kf8 39. Kd3 Kg8 40. f6 h5 41. Bf5 Kf8 42. Bg6 a5 43. Rc8# 1-0